| 000 | 00770nam a2200253 a 4500 | ||
|---|---|---|---|
| 001 | 54884 | ||
| 003 | BD-RjUL | ||
| 005 | 20211209080200.0 | ||
| 008 | 161112s2001 enkab b 001 0 eng c | ||
| 020 | _a0340662352 | ||
| 020 | _a0340662360 (pbk.) | ||
| 035 | _a(BD-RjUL)55006 | ||
| 040 |
_aUKM _cUKM _dBD-RjUL _beng |
||
| 041 | _aeng | ||
| 082 | 0 | 0 |
_a909.82 _223 _bBEW 2001 |
| 100 | 1 |
_aBell, P. M. H. _q(Philip Michael Hett), _d1930- _9163605 |
|
| 245 | 1 | 4 |
_aThe world since 1945 : _ban international history / _cP.M.H. Bell. |
| 260 |
_aLondon : _bOxford University Press, _c2001. |
||
| 300 |
_axii, 593 p. : _bill. ; _c24 cm. |
||
| 500 | _aIncludes Index | ||
| 650 | 0 |
_aWorld history _y1945-1989. _9163606 |
|
| 650 | 0 |
_aHistory, Modern _y1989- _9163607 |
|
| 942 |
_2ddc _cBK |
||
| 999 |
_c54884 _d54884 |
||